000 00875nam a2200253Ia 4500
003 OSt
005 20221005113104.0
006 a|||||r|||| 00| 0
007 ta
008 221004b |||||||| |||| 00| 0 pan d
020 _a8187654236
_c290
024 _a26787
037 _b985, 16/12/2015, H.K. Prakashan
_cTextual
040 _aCRL
_cCRL
_bpan
041 _2pan
_apan
082 _aO153,1x, Q5
100 _aਸਿੰਘ, ਰਵਿੰਦਰ, ਥਦ.
245 0 _aਮੱਧਕਾਲੀ ਬਿਰਤਾਂਤਕ - ਕਾਵਿ
260 _aਦਿੱਲੀ
_bਮਨਪ੍ਰੀਤ ਪ੍ਰਕਾFਨ ਭਾਰਤ
_c2015
300 _a118ਪੰ
_ccm.
650 _aਪੰਜਾਬੀ ਸਾਹਿਤ
942 _hO153,1x, Q5
_cTEXL
_2cc
999 _c1027008
_d1027008